Word Ladder: Back to the Future Quiz Stats

 Plays Quiz Updated Sep 26, 2014

Score 0/41 Timer 06:00
1 Play Today
Clue 4-Letter Word % Correct
Clenched handFIST
91.7%
QuickFAST
91.5%
Not hit the targetMISS
90.7%
 George and Lorraine did this at the dance  KISS 
88%
Show one's musclesFLEX
85.7%
DiMaggio and BidenJOES
82.8%
Floating vehicleBOAT
81.2%
Close forcefullySLAM
81.1%
 DeLorean is this kind of machine TIME
81%
Snow toy/vehicleSLED
80.9%
Ran away fromFLED
80.8%
Small, green plant similar to algaeMOSS
80.2%
Sheep-like horned animalGOAT
79.4%
2-dimensionalFLAT
78.9%
Short screw; used with nutBOLT
78.5%
Plant cultivated for fiber and seedsFLAX
77.7%
 Don't need this where we're going  ROAD 
76.7%
 ____ Valley; Marty's hometown  HILL 
76.1%
Thin stripSLAT
75.2%
Flat floor coveringTILE
74.8%
Prepare land for cropsTILL
74.7%
Clue 4-Letter Word % Correct
Large bookTOME
74.7%
Provoke or prodGOAD
74.1%
American filmmaker JOSS
73%
WanderROAM
72.8%
Sword handleHILT
71.4%
Distinctive kind of soundTONE
68.8%
Horse plow chainSOAM
67.5%
Otter's denHOLT
67.2%
 Power of Love artist  HUEY 
65.1%
 The kids thought the dance was called the ____ Under the Sea Dance  FISH 
64%
 Jailbird uncle  JOEY 
63.8%
Instituted a law processSUED
62.2%
Having a specific colorHUED
61.5%
Graphite formed on molten ironKISH
57.1%
 Name of mall at film's end: ____ Pine Mall  LONE 
56.9%
Caribbean land crabJUEY
51.2%
 Name of mall at film's beginning: ____ Pine Mall TWIN 
50.8%
Conjugated form of French faireFAIT
50.7%
DimwitTWIT
43.4%
Small Australian marsupialTAIT
33.1%

Today's Daily Dose

You're not logged in!

Compare scores with friends on all Sporcle quizzes.
OR
Log In

Sporcle TV

Today on Sporcle TV


Watch our educational content, quiz creation guides, and fun videos on Sporcle TV.

Show Comments

Extras

Top Quizzes Today


Score Distribution

Your Account Isn't Verified!

In order to create a playlist on Sporcle, you need to verify the email address you used during registration. Go to your Sporcle Settings to finish the process.

Report this User

Report this user for behavior that violates our Community Guidelines.

Details: